00557 2200205 4500001002100000005001500021035002000036007000300056008004100059020002200100082001000122084001600132100001700148245004700165250001100212260004000223300004600263650002600309700001600335INLIS00000000000043420221102075514 a0010-1122000028ta221102 b 1 ind  a978-602-252-826-5 a398.2 a398.2 DK. s0 aDK. Wardhani1 aSekolah Tua di Tengah Kota /cDK. Wardhani aCet. I aJakarta :bErlangga For Kids,c2017 a23 halaman :bilustrasi berwarna ;c20 cm 4aSeri Lingkungan Sehat0 aWatiek Ideo